[Event "24. Aberto Xadrez Albariño"]
[Site "Cambados ESP"]
[Date "2008.08.08"]
[Round "8.3"]
[White "Ivanov, Jordan"]
[Black "Rusev, Krasimir"]
[Result "1/2-1/2"]
[WhiteElo "2421"]
[BlackElo "2508"]
[PlyCount "66"]
[EventDate "2008.08.01"]
[EventType "swiss"]
[EventRounds "9"]
[EventCountry "ESP"]
[Source "lmi"]
[SourceDate "2008.08.01"]

1. d4 d5 2. Nf3 Nf6 3. c4 c6 4. e3 Bf5 5. Nc3 e6 6. Nh4 Be4 7. f3 Bg6 8. Qb3
Qc7 9. Bd2 Be7 10. Nxg6 hxg6 11. O-O-O dxc4 12. Bxc4 b5 13. Bd3 a6 14. e4 c5
15. dxc5 Nbd7 16. Be3 Bxc5 17. Bxc5 Nxc5 18. Qc2 Rc8 19. Kb1 O-O 20. g3 Rfd8
21. Be2 Na4 22. Rxd8+ Qxd8 23. Rd1 Qc7 24. Rc1 Qa7 25. Qd1 Nxc3+ 26. Rxc3 Rxc3
27. bxc3 Nd7 28. Qd4 Qc7 29. a4 bxa4 30. Bxa6 Nc5 31. Bb5 Nb3 32. Qd1 Qa5 33.
Bxa4 Qxa4 1/2-1/2

[Event "24. Aberto Xadrez Albariño"]
[Site "Cambados ESP"]
[Date "2008.08.08"]
[Round "8.4"]
[White "Dimitrov, Vladimir"]
[Black "Rodriguez Lopez, Rafael"]
[Result "1-0"]
[WhiteElo "2450"]
[BlackElo "2311"]
[PlyCount "87"]
[EventDate "2008.08.01"]
[EventType "swiss"]
[EventRounds "9"]
[EventCountry "ESP"]
[Source "lmi"]
[SourceDate "2008.08.01"]

1. e4 c5 2. Nf3 Nc6 3. d4 cxd4 4. Nxd4 Nf6 5. Nc3 e5 6. Ndb5 d6 7. Bg5 a6 8.
Na3 b5 9. Bxf6 gxf6 10. Nd5 f5 11. Bd3 Be6 12. c3 Bg7 13. Nxb5 axb5 14. Bxb5
Bd7 15. exf5 Rb8 16. a4 O-O 17. O-O f6 18. b4 Ne7 19. Bxd7 Qxd7 20. a5 Nxd5 21.
Qxd5+ Kh8 22. Rfd1 Rfc8 23. a6 Bf8 24. Ra3 Rb5 25. Qe6 Qxe6 26. fxe6 d5 27. a7
Ra8 28. g4 d4 29. cxd4 Rd5 30. Ra6 exd4 31. b5 Rxb5 32. Rxd4 Rg5 33. h3 Rg7 34.
Rd7 Kg8 35. Kg2 Re7 36. f4 Kg7 37. f5 h5 38. Kf3 hxg4+ 39. hxg4 Kh6 40. Kf4
Rxd7 41. exd7 Be7 42. g5+ Kg7 43. g6 Bd8 44. Ke4 1-0

[Event "24. Aberto Xadrez Albariño"]
[Site "Cambados ESP"]
[Date "2008.08.08"]
[Round "8.5"]
[White "Petkov, Vladimir"]
[Black "Orlovska, Madara"]
[Result "1-0"]
[WhiteElo "2423"]
[BlackElo "2021"]
[PlyCount "79"]
[EventDate "2008.08.01"]
[EventType "swiss"]
[EventRounds "9"]
[EventCountry "ESP"]
[Source "lmi"]
[SourceDate "2008.08.01"]

1. d4 Nf6 2. c4 g6 3. Nc3 Bg7 4. e4 d6 5. Bd3 O-O 6. Nge2 Nc6 7. O-O a6 8. h3
e5 9. d5 Nd4 10. Bg5 h6 11. Be3 Nh5 12. Bb1 Qf6 13. Kh2 Nf4 14. Ng1 c5 15. g3
Nh5 16. Bd3 Qe7 17. Qd2 Kh7 18. Rae1 Bd7 19. f4 exf4 20. gxf4 b5 21. Nf3 Nxf3+
22. Rxf3 b4 23. Nd1 Rae8 24. Bf2 a5 25. Re2 Rc8 26. Ne3 Bd4 27. Ng2 Bxf2 28.
Rfxf2 Rce8 29. Re3 Qf6 30. Qe2 Qd4 31. e5 dxe5 32. fxe5 Bf5 33. Bxf5 gxf5 34.
Rxf5 Rg8 35. Qxh5 Rxg2+ 36. Kxg2 Rg8+ 37. Rg3 Qe4+ 38. Qf3 Qc2+ 39. Qf2 Qe4+
40. Kh2 1-0

[Event "24. Aberto Xadrez Albariño"]
[Site "Cambados ESP"]
[Date "2008.08.08"]
[Round "8.6"]
[White "Fernandez de Pablo, Miguel A"]
[Black "Ortiz Suarez, Isam"]
[Result "0-1"]
[WhiteElo "2232"]
[BlackElo "2392"]
[PlyCount "62"]
[EventDate "2008.08.01"]
[EventType "swiss"]
[EventRounds "9"]
[EventCountry "ESP"]
[Source "lmi"]
[SourceDate "2008.08.01"]

1. e4 c5 2. Nf3 d6 3. d4 cxd4 4. Nxd4 Nf6 5. Nc3 a6 6. Be3 e6 7. Be2 Qc7 8. a4
b6 9. f4 Bb7 10. Bf3 Nbd7 11. O-O Be7 12. Qe2 O-O 13. g4 Nc5 14. Qg2 e5 15.
fxe5 dxe5 16. Nf5 Bd8 17. g5 Ne8 18. Rad1 Kh8 19. b4 Ne6 20. Nd5 Qc4 21. g6
fxg6 22. Nfe7 Bxd5 23. exd5 Bxe7 24. dxe6 Rb8 25. Bd5 Rxf1+ 26. Rxf1 Qxb4 27.
Kh1 Nf6 28. c4 Qxa4 29. Rb1 b5 30. c5 Qa3 31. Re1 Qc3 0-1

[Event "24. Aberto Xadrez Albariño"]
[Site "Cambados ESP"]
[Date "2008.08.08"]
[Round "8.7"]
[White "Trigo Urquijo, Sergio"]
[Black "Garcia Castro, Pablo"]
[Result "0-1"]
[WhiteElo "2200"]
[BlackElo "2390"]
[PlyCount "104"]
[EventDate "2008.08.01"]
[EventType "swiss"]
[EventRounds "9"]
[EventCountry "ESP"]
[Source "lmi"]
[SourceDate "2008.08.01"]

1. e4 e5 2. Nf3 d6 3. Bc4 Be7 4. Nc3 Nf6 5. d4 exd4 6. Nxd4 O-O 7. O-O Re8 8.
h3 Nbd7 9. Nf5 Bf8 10. Ng3 c6 11. a4 a5 12. Be3 Qc7 13. Qd2 Ne5 14. Be2 Be6 15.
b3 d5 16. f4 Bb4 17. Bd4 Ng6 18. e5 c5 19. Nb5 Bxd2 20. Nxc7 cxd4 21. Nxa8 Bxf4
22. Nc7 Bxg3 23. Nxe8 Nxe8 24. b4 Bxe5 25. Rab1 axb4 26. Rxb4 Nd6 27. Bd3 Ne7
28. Rfb1 Bc8 29. Rb6 f6 30. a5 Kf7 31. Kf2 h5 32. Kf3 h4 33. Ra1 g5 34. Re1 Bg3
35. Rf1 f5 36. Ke2 Ke6 37. a6 bxa6 38. Bxa6 Bd7 39. Bd3 Be5 40. Ra1 g4 41. Kf2
Bf4 42. Raa6 Bg3+ 43. Kf1 gxh3 44. gxh3 Be8 45. Kg1 Bh5 46. Kg2 Be5 47. Ra1 f4
48. Rf1 Nef5 49. Bxf5+ Kxf5 50. Rb3 Nc4 51. Rf2 Ne3+ 52. Kg1 Bd1 0-1

[Event "24. Aberto Xadrez Albariño"]
[Site "Cambados ESP"]
[Date "2008.08.08"]
[Round "8.8"]
[White "Torrado Quintela, Julio"]
[Black "Corona Garcia, Tomas"]
[Result "1-0"]
[WhiteElo "2245"]
[BlackElo "2210"]
[PlyCount "81"]
[EventDate "2008.08.01"]
[EventType "swiss"]
[EventRounds "9"]
[EventCountry "ESP"]
[Source "lmi"]
[SourceDate "2008.08.01"]

1. e4 e5 2. Nf3 Nc6 3. d4 exd4 4. Bc4 Nf6 5. e5 d5 6. Bb5 Ne4 7. Nxd4 Bc5 8.
O-O O-O 9. Bxc6 bxc6 10. Nxc6 Qh4 11. Be3 Ba6 12. g3 Qh3 13. Bxc5 Bxf1 14. Qxf1
Qxf1+ 15. Kxf1 Nxc5 16. Ne7+ Kh8 17. Nxd5 c6 18. Ne3 Rae8 19. Nc4 f6 20. exf6
Rxf6 21. Nbd2 g5 22. h3 Ne4 23. Nxe4 Rxe4 24. b3 Re7 25. Rd1 h5 26. Rd2 Kh7 27.
Kg2 Kg6 28. Ne3 Ref7 29. a4 Re7 30. Rd8 Ref7 31. Rd2 Rf8 32. Nc4 Kf7 33. Nd6+
Kg6 34. Ne4 Re6 35. Nc5 Re7 36. g4 hxg4 37. hxg4 Re1 38. f3 Rh8 39. Ne4 Rc1 40.
Rd6+ Kg7 41. Rxc6 1-0

[Event "24. Aberto Xadrez Albariño"]
[Site "Cambados ESP"]
[Date "2008.08.08"]
[Round "8.9"]
[White "Milchev, Nikolay"]
[Black "Torres Dominguez, David"]
[Result "1-0"]
[WhiteElo "2356"]
[BlackElo "2134"]
[PlyCount "68"]
[EventDate "2008.08.01"]
[EventType "swiss"]
[EventRounds "9"]
[EventCountry "ESP"]
[Source "lmi"]
[SourceDate "2008.08.01"]

1. Nf3 d6 2. d4 Bg4 3. c4 c6 4. Nc3 Nf6 5. e4 e6 6. d5 Nbd7 7. dxe6 fxe6 8. Be2
Bxf3 9. Bxf3 Be7 10. Be3 O-O 11. h3 Ne8 12. Qb3 b6 13. Bg4 Nc7 14. Rd1 Bg5 15.
Bxg5 Qxg5 16. Rxd6 Ne5 17. O-O h5 18. Bd1 Qf4 19. Ne2 Nf3+ 20. Qxf3 Qxd6 21.
Qxh5 Qc5 22. Qg4 Rad8 23. Nf4 Rd2 24. Nxe6 Nxe6 25. Qxe6+ Kh8 26. Bf3 Rxb2 27.
e5 Rxa2 28. h4 Rf4 29. Qe8+ Rf8 30. Qe6 Rf4 31. h5 Qxc4 32. Qe8+ Qg8 33. Qxc6
Ra5 34. Re1 Rf7 1-0

[Event "24. Aberto Xadrez Albariño"]
[Site "Cambados ESP"]
[Date "2008.08.08"]
[Round "8.10"]
[White "Sanchez De Leon Menendez, Rafael"]
[Black "Permuy Lorenzo, Carlos Javier"]
[Result "0-1"]
[WhiteElo "1932"]
[BlackElo "2335"]
[PlyCount "60"]
[EventDate "2008.08.01"]
[EventType "swiss"]
[EventRounds "9"]
[EventCountry "ESP"]
[Source "lmi"]
[SourceDate "2008.08.01"]

1. d4 f5 2. c4 Nf6 3. Nc3 g6 4. Nf3 Bg7 5. e3 O-O 6. Qc2 d6 7. Bd3 Nc6 8. a3 e5
9. dxe5 dxe5 10. Be2 e4 11. Nd2 Ne5 12. O-O Be6 13. Rd1 Qe7 14. b3 c6 15. Bb2
Nfg4 16. h3 Nh6 17. Nf1 Nhf7 18. Nh2 Qh4 19. f4 exf3 20. Nxf3 Qg3 21. Na4 Rae8
22. Rf1 f4 23. Nxe5 Nxe5 24. exf4 Bxh3 25. Bf3 Rxf4 26. Bxe5 Bxe5 27. Ra2 Bd4+
28. Kh1 Bxg2+ 29. Qxg2 Rh4+ 30. Qh2 Re1 0-1

[Event "24. Aberto Xadrez Albariño"]
[Site "Cambados ESP"]
[Date "2008.08.09"]
[Round "9.2"]
[White "Starostits, Ilmars"]
[Black "Dimitrov, Vladimir"]
[Result "1/2-1/2"]
[WhiteElo "2497"]
[BlackElo "2450"]
[PlyCount "20"]
[EventDate "2008.08.01"]
[EventType "swiss"]
[EventRounds "9"]
[EventCountry "ESP"]
[Source "lmi"]
[SourceDate "2008.08.01"]

1. e4 e5 2. Nf3 Nc6 3. Bc4 Bc5 4. c3 Nf6 5. d3 a6 6. Bg5 h6 7. Be3 d6 8. h3 O-O
9. Nbd2 Bxe3 10. fxe3 d5 1/2-1/2

[Event "24. Aberto Xadrez Albariño"]
[Site "Cambados ESP"]
[Date "2008.08.09"]
[Round "9.4"]
[White "Ortiz Suarez, Isam"]
[Black "Ivanov, Jordan"]
[Result "1/2-1/2"]
[WhiteElo "2392"]
[BlackElo "2421"]
[PlyCount "47"]
[EventDate "2008.08.01"]
[EventType "swiss"]
[EventRounds "9"]
[EventCountry "ESP"]
[Source "lmi"]
[SourceDate "2008.08.01"]

1. e4 d5 2. exd5 Nf6 3. Nf3 Nxd5 4. d4 g6 5. c4 Nb6 6. c5 Nd5 7. Bc4 Bg7 8. Qb3
c6 9. Nc3 O-O 10. O-O Nxc3 11. bxc3 b5 12. cxb6 axb6 13. Ng5 e6 14. Bf4 h6 15.
Ne4 Ba6 16. Bxa6 Rxa6 17. Qc4 b5 18. Qe2 Nd7 19. Qe3 Qh4 20. f3 Rfa8 21. g3 Qh5
22. g4 Qd5 23. Bxh6 Rxa2 24. Rxa2 1/2-1/2

[Event "24. Aberto Xadrez Albariño"]
[Site "Cambados ESP"]
[Date "2008.08.09"]
[Round "9.5"]
[White "Berbatov, Kiprian"]
[Black "Torrado Quintela, Julio"]
[Result "1-0"]
[WhiteElo "2250"]
[BlackElo "2245"]
[PlyCount "53"]
[EventDate "2008.08.01"]
[EventType "swiss"]
[EventRounds "9"]
[EventCountry "ESP"]
[Source "lmi"]
[SourceDate "2008.08.01"]

1. e4 c5 2. Nf3 d6 3. d4 cxd4 4. Nxd4 Nf6 5. Nc3 a6 6. Bc4 e6 7. Bb3 b5 8. Bg5
Be7 9. Qf3 Qc7 10. e5 Bb7 11. exd6 Bxd6 12. Qe3 Nc6 13. Nf5 O-O-O 14. Nxd6+
Qxd6 15. O-O Nd4 16. Rfd1 Qc6 17. Qh3 b4 18. Na4 Ne2+ 19. Kh1 Rxd1+ 20. Rxd1
Nh5 21. f3 Nhf4 22. Bxf4 Nxf4 23. Qg4 g5 24. Rd4 Kb8 25. Qxg5 Ne2 26. Qe5+ Ka7
27. Qxe2 1-0

[Event "24. Aberto Xadrez Albariño"]
[Site "Cambados ESP"]
[Date "2008.08.09"]
[Round "9.6"]
[White "Garcia Castro, Pablo"]
[Black "Patino Romaris, Juan Roberto"]
[Result "1-0"]
[WhiteElo "2390"]
[BlackElo "2272"]
[PlyCount "63"]
[EventDate "2008.08.01"]
[EventType "swiss"]
[EventRounds "9"]
[EventCountry "ESP"]
[Source "lmi"]
[SourceDate "2008.08.01"]

1. g3 d5 2. Bg2 c5 3. d3 e5 4. c4 d4 5. e3 Nc6 6. exd4 cxd4 7. a3 a5 8. Ne2 Nf6
9. Bg5 Be7 10. O-O O-O 11. Nd2 a4 12. h3 Nd7 13. Bxe7 Qxe7 14. f4 Nc5 15. f5
Nxd3 16. Ne4 Nc5 17. f6 gxf6 18. Nxf6+ Kg7 19. Qd2 Ne6 20. Be4 Rh8 21. g4 h5
22. Ng3 Nf4 23. Ngxh5+ Kf8 24. Rxf4 exf4 25. Bxc6 bxc6 26. Re1 Be6 27. Qxf4 Rd8
28. Qg5 Qd6 29. Ne4 Qc7 30. Qf6 Rg8 31. Nc5 Bxg4 32. Qh6+ 1-0

[Event "24. Aberto Xadrez Albariño"]
[Site "Cambados ESP"]
[Date "2008.08.09"]
[Round "9.7"]
[White "Permuy Lorenzo, Carlos Javier"]
[Black "Milchev, Nikolay"]
[Result "1-0"]
[WhiteElo "2335"]
[BlackElo "2356"]
[PlyCount "85"]
[EventDate "2008.08.01"]
[EventType "swiss"]
[EventRounds "9"]
[EventCountry "ESP"]
[Source "lmi"]
[SourceDate "2008.08.01"]

1. f4 d5 2. Nf3 c5 3. e3 g6 4. d4 cxd4 5. exd4 Bg7 6. c3 Nf6 7. Bd3 O-O 8. Nbd2
Bf5 9. Qe2 Nc6 10. O-O Ne8 11. b3 Rc8 12. Bb2 Nd6 13. Ne5 Re8 14. Bxf5 gxf5 15.
Qh5 e6 16. Rf3 Qf6 17. Rh3 h6 18. Rg3 Red8 19. Ba3 Rc7 20. Bxd6 Rxd6 21. Re1
Ne7 22. Ree3 b5 23. Ndf3 Nc8 24. Ng5 hxg5 25. Rxg5 Kf8 26. Reg3 Qh6 27. Qf3 Bf6
28. Rh5 Rxc3 29. Rxh6 Rxf3 30. Rxf3 Bg7 31. Rhh3 Ra6 32. Rc3 Ne7 33. Rc2 f6 34.
Nd7+ Kf7 35. Rc7 Rxa2 36. Nb8 Bf8 37. Nc6 Rc2 38. Nd8+ Ke8 39. Rxc2 Kxd8 40.
Rh7 a5 41. Rc5 a4 42. bxa4 bxa4 43. Ra5 1-0

[Event "24. Aberto Xadrez Albariño"]
[Site "Cambados ESP"]
[Date "2008.08.09"]
[Round "9.8"]
[White "Rodriguez Lopez, Rafael"]
[Black "De Dios Alija, Rafael"]
[Result "1-0"]
[WhiteElo "2311"]
[BlackElo "2023"]
[PlyCount "55"]
[EventDate "2008.08.01"]
[EventType "swiss"]
[EventRounds "9"]
[EventCountry "ESP"]
[Source "lmi"]
[SourceDate "2008.08.01"]

1. e4 d5 2. exd5 Nf6 3. Bb5+ Bd7 4. Be2 Nxd5 5. d4 Bf5 6. a3 e6 7. c4 Nb6 8.
Nf3 Be7 9. Qb3 Qc8 10. Nc3 O-O 11. c5 N6d7 12. Be3 c6 13. O-O Nf6 14. h3 Nbd7
15. Nh4 Bg6 16. Nxg6 hxg6 17. Qa2 a5 18. Qb1 Qc7 19. b4 axb4 20. axb4 Nd5 21.
Nxd5 exd5 22. b5 Bf6 23. b6 Rxa1 24. bxc7 Rxb1 25. Rxb1 Rc8 26. Rxb7 Be7 27.
Ra7 Nf8 28. Ba6 1-0

[Event "24. Aberto Xadrez Albariño"]
[Site "Cambados ESP"]
[Date "2008.08.09"]
[Round "9.9"]
[White "Orlovska, Madara"]
[Black "Stanoev, Atanas"]
[Result "0-1"]
[WhiteElo "2021"]
[BlackElo "2198"]
[PlyCount "158"]
[EventDate "2008.08.01"]
[EventType "swiss"]
[EventRounds "9"]
[EventCountry "ESP"]
[Source "lmi"]
[SourceDate "2008.08.01"]

1. e4 c5 2. Nf3 d6 3. d4 cxd4 4. Nxd4 Nf6 5. Nc3 a6 6. Be2 e6 7. O-O Be7 8. a4
O-O 9. f4 Qc7 10. Kh1 Nc6 11. Be3 Re8 12. Qd2 Na5 13. Qd3 Nc6 14. Bf3 Rb8 15.
Rad1 Bd7 16. Nb3 Bc8 17. Nd4 Nd7 18. Qe2 Bf8 19. Bf2 Na5 20. Be1 Nc6 21. Bg3
Nxd4 22. Rxd4 Qb6 23. Rd3 Nc5 24. Re3 Qa5 25. b3 b5 26. Be1 Qb6 27. axb5 axb5
28. b4 Na6 29. Na2 Bd7 30. Bf2 Bc6 31. c3 Nc7 32. Nc1 Na8 33. Nb3 Qc7 34. Rd3
Nb6 35. Bxb6 Qxb6 36. Ra1 Ra8 37. Rdd1 Rac8 38. Ra5 Bd7 39. Qd2 Rc7 40. Rda1
Qc6 41. Rc1 Rec8 42. Ra3 Qb6 43. h3 g6 44. Qd4 Qb8 45. e5 Rc4 46. Qd2 Be8 47.
Ra8 Qb6 48. Rxc8 Rxc8 49. exd6 Bxd6 50. Rd1 Bb8 51. Nc5 Bc7 52. Qe3 Bd6 53.
Rxd6 Qxd6 54. Ne4 Qd8 55. Nc5 Bc6 56. Bxc6 Rxc6 57. Qe5 Qd6 58. Qg5 Qd5 59. Qe7
Rc8 60. Nd7 Qf5 61. Nf6+ Kg7 62. Ne8+ Rxe8 63. Qxe8 Qd5 64. Qb8 h5 65. Qb6 Qc4
66. Qe3 Kf6 67. g3 Ke7 68. Kg2 Qd5+ 69. Kh2 Kf6 70. Kg1 g5 71. fxg5+ Qxg5 72.
Qxg5+ Kxg5 73. Kf2 Kf5 74. Ke3 Ke5 75. g4 hxg4 76. hxg4 f6 77. c4 bxc4 78. b5
Kd5 79. b6 Kc6 0-1